[Event "Tashkent UzChess Challengers 2nd"]
[Site "Tashkent"]
[Date "2025.06.27"]
[Round "9"]
[White "Vakhidov, Jahongir"]
[Black "Madaminov, Mukhiddin"]
[Result "0-1"]
[WhiteElo "2539"]
[BlackElo "2536"]
[PlyCount "89"]
[EventDate "2025.06.18"]
[EventType "tourn"]
[EventRounds "9"]
[EventCountry "UZB"]
[EventCategory "13"]
[SourceTitle "CB27_2025"]
[SourceDate "2025.07.02"]
[SourceVersion "1"]
[SourceVersionDate "2025.07.02"]
[SourceQuality "1"]

1. d4 Nf6 2. c4 e6 3. Nf3 d5 4. Nc3 c6 5. Qd3 dxc4 6. Qxc4 b5 7. Qd3 a6 8. e4 c5 9. e5 c4 10. Qb1 Nd5 11. a4 b4 12. Ne4 c3 13. bxc3 bxc3 14. Bc4 Nc6 15. Ba3 Bxa3 16. Rxa3 0-0 17. Neg5 g6 18. 0-0 Rb8 19. Qc1 Rb4 20. Bxd5 Qxd5 21. Rxc3 Bb7 22. Rc5 Nxd4 23. Rxd5 Ne2+ 24. Kh1 Nxc1 25. Rd2 Nb3 26. Rb2 h6 27. Nh3 Rb8 28. Rfb1 Be4 29. Re1 Bd5 30. Nhg1 Rxa4 31. Ne2 Rab4 32. Nc3 Bc6 33. Nd2 Nxd2 34. Rxd2 Rc4 35. Ne2 Re4 36. f4 Rb3 37. Rc1 Bb5 38. Nd4 Rc3 39. Rb1 Bd3 40. Rb8+ Kg7 41. Nxe6+ fxe6 42. Rb7+ Kf8 43. Rb8+ Ke7 44. Rb7+ Kd8 45. g3 0-1

[Event "Tashkent UzChess Challengers 2nd"]
[Site "Tashkent"]
[Date "2025.06.24"]
[Round "6"]
[White "Sivuk, Vitaly"]
[Black "Madaminov, Mukhiddin"]
[Result "1/2-1/2"]
[WhiteElo "2522"]
[BlackElo "2536"]
[PlyCount "94"]
[EventDate "2025.06.18"]
[EventType "tourn"]
[EventRounds "9"]
[EventCountry "UZB"]
[EventCategory "13"]
[SourceTitle "CB27_2025"]
[SourceDate "2025.07.02"]
[SourceVersion "1"]
[SourceVersionDate "2025.07.02"]
[SourceQuality "1"]

1. c4 Nf6 2. Nc3 e5 3. Nf3 Nc6 4. g3 d5 5. cxd5 Nxd5 6. Bg2 Bc5 7. 0-0 0-0 8. d3 h6 9. Bd2 Re8 10. a3 Nf6 11. b4 Bf8 12. Ne1 Nd4 13. e3 Nf5 14. Qc2 c6 15. Nf3 Nd6 16. Na4 e4 17. Nd4 exd3 18. Qxd3 Nde4 19. Rfc1 Nxd2 20. Qxd2 a5 21. Qb2 axb4 22. axb4 Bd7 23. b5 cxb5 24. Nxb5 Ra5 25. Nac3 Bc5 26. Rxa5 Qxa5 27. Ra1 Qb6 28. Na4 Qxb5 29. Qxb5 Bxb5 30. Nxc5 b6 31. Nb3 Bd7 32. Nd4 Kf8 33. Ra7 Rc8 34. h3 h5 35. Rb7 b5 36. Kh2 Rc1 37. Bf3 g6 38. Be2 Ra1 39. e4 Ra4 40. e5 Rxd4 41. exf6 Kg8 42. Rb8+ Kh7 43. Rd8 b4 44. Bb5 b3 45. Bxd7 b2 46. Rb8 Rxd7 47. Rxb2 Rd6 1/2-1/2

[Event "Titled Tuesday intern op 03rd Jan Late"]
[Site "Chess.com INT"]
[Date "2025.06.03"]
[Round "5"]
[White "Madaminov, Mukhiddin"]
[Black "Goryachkina, Aleksandra"]
[Result "0-1"]
[WhiteElo "2520"]
[BlackElo "2544"]
[PlyCount "114"]
[EventDate "2025.06.03"]
[EventType "swiss (blitz)"]
[EventRounds "11"]
[EventCountry "USA"]
[SourceTitle "CB24_2025"]
[SourceDate "2025.06.11"]
[SourceVersion "1"]
[SourceVersionDate "2025.06.11"]
[SourceQuality "1"]

1. d4 d5 2. Bf4 Nf6 3. Nc3 c6 4. e3 Bf5 5. f3 h6 6. g4 Bh7 7. h4 e6 8. Bd3 Bb4 9. Nge2 Nbd7 10. Bxh7 Nxh7 11. Qd3 Qa5 12. 0-0-0 b5 13. a3 Be7 14. g5 Nb6 15. gxh6 gxh6 16. Bxh6 Nc4 17. Nb1 Nf8 18. Bg7 Rg8 19. Rdg1 b4 20. a4 Qxa4 21. b3 Qa2 22. bxc4 dxc4 23. Qe4 Rc8 24. Bxf8 Rxf8 25. Kd2 c3+ 26. Nexc3 bxc3+ 27. Nxc3 Bb4 28. Rb1 Qa5 29. Rb3 c5 30. Qb7 Rc7 31. Rxb4 cxb4 32. Qb5+ Qxb5 33. Nxb5 Rd7 34. Ra1 Rh8 35. Nxa7 Rxh4 36. Nc6 f6 37. Nxb4 e5 38. c3 Rh3 39. f4 exf4 40. exf4 Rf3 41. Kc2 Rxf4 42. Kb3 Kf7 43. Ra5 Rf1 44. Nd5 Rf5 45. c4 Rh5 46. Kb4 Rh1 47. Ra6 Rf1 48. Kc5 Kg7 49. Kc6 Rf7 50. Nc7 f5 51. d5 f4 52. d6 Rd1 53. Nd5 f3 54. d7 Rxd7 55. Kxd7 f2 56. Rf6 Rxd5+ 57. cxd5 Kxf6 0-1

[Event "Asia-ch Blitz"]
[Site "Al Ain"]
[Date "2025.05.10"]
[Round "5"]
[White "Grischuk, Alexander"]
[Black "Madaminov, Mukhiddin"]
[Result "1-0"]
[WhiteElo "2682"]
[BlackElo "2520"]
[PlyCount "81"]
[EventDate "2025.05.10"]
[EventType "swiss (blitz)"]
[EventRounds "9"]
[EventCountry "UAE"]
[SourceTitle "CB20_2025"]
[SourceDate "2025.05.14"]
[SourceVersion "1"]
[SourceVersionDate "2025.05.14"]
[SourceQuality "1"]

1. e4 e5 2. Nf3 Nc6 3. Bb5 a6 4. Ba4 Nf6 5. 0-0 Bc5 6. c3 b5 7. Bb3 d6 8. d4 Bb6 9. a4 Bb7 10. Bg5 h6 11. Bxf6 Qxf6 12. Bd5 0-0 13. Na3 Rfb8 14. Nc2 exd4 15. cxd4 bxa4 16. Rxa4 a5 17. Re1 Rd8 18. Rc4 Ne5 19. Nxe5 Bxd5 20. Ng4 Bxc4 21. Nxf6+ gxf6 22. Qg4+ Kf8 23. Qf4 Bb3 24. Qxh6+ Ke8 25. Rc1 Bxc2 26. Rxc2 Ke7 27. g3 Rd7 28. Rc4 a4 29. Kg2 a3 30. bxa3 Rxa3 31. Qh4 Ra2 32. Qf4 Rd8 33. h4 Rh8 34. Kh3 Rh5 35. f3 Rb5 36. e5 fxe5 37. dxe5 dxe5 38. Qg5+ Ke6 39. Qd8 Rbb2 40. Rc6+ Kf5 41. Qf6# 1-0

[Event "Asia-ch"]
[Site "Al Ain"]
[Date "2025.05.10"]
[Round "4"]
[White "Madaminov, Mukhiddin"]
[Black "Amartuvshin, Ganzorig"]
[Result "1-0"]
[WhiteElo "2520"]
[BlackElo "2429"]
[PlyCount "99"]
[EventDate "2025.05.07"]
[EventType "swiss"]
[EventRounds "9"]
[EventCountry "UAE"]
[SourceTitle "CB21_2025"]
[SourceDate "2025.05.21"]
[SourceVersion "1"]
[SourceVersionDate "2025.05.21"]
[SourceQuality "1"]

1. e4 e5 2. Nf3 Nc6 3. Bc4 Bc5 4. d3 Nf6 5. Nbd2 d6 6. c3 a5 7. 0-0 0-0 8. h3 h6 9. Re1 Be6 10. Bb5 Qb8 11. Nf1 Qa7 12. Qc2 a4 13. Be3 Qa5 14. Bxc6 bxc6 15. d4 exd4 16. cxd4 Bb4 17. Rec1 Qb5 18. Ng3 Ba5 19. Bd2 Bxd2 20. Qxd2 Rfb8 21. Rc2 Rb6 22. Ne1 d5 23. e5 Ne4 24. Qf4 Nxg3 25. fxg3 Rf8 26. Rd1 f6 27. Nd3 Rbb8 28. g4 fxe5 29. Qxe5 Bf7 30. Nc5 Rbe8 31. Qxc7 Bg6 32. Rcd2 Re2 33. Qg3 Rf1+ 34. Rxf1 Rxd2 35. Nd7 Qb7 36. Rf8+ Kh7 37. Rd8 Be4 38. Nf8+ Kg8 39. Ng6+ Kh7 40. Rh8+ Kxg6 41. Qd6+ Kg5 42. Qe5+ Kh4 43. Rxh6+ gxh6 44. Qf6+ Kg3 45. Qd6+ Kh4 46. Qxh6+ Kg3 47. Qxd2 Kh4 48. Qh6+ Kg3 49. Qd6+ Kh4 50. Qf6+ 1-0

[Event "Asia-ch Blitz"]
[Site "Al Ain"]
[Date "2025.05.10"]
[Round "3"]
[White "Madaminov, Mukhiddin"]
[Black "Neelash, Saha"]
[Result "1-0"]
[WhiteElo "2520"]
[BlackElo "2445"]
[PlyCount "63"]
[EventDate "2025.05.10"]
[EventType "swiss (blitz)"]
[EventRounds "9"]
[EventCountry "UAE"]
[SourceTitle "CB20_2025"]
[SourceDate "2025.05.14"]
[SourceVersion "1"]
[SourceVersionDate "2025.05.14"]
[SourceQuality "1"]

1. e4 c5 2. Nf3 Nf6 3. e5 Nd5 4. Nc3 e6 5. g3 d6 6. Bg2 Nc6 7. exd6 Bxd6 8. 0-0 0-0 9. d4 Nxc3 10. bxc3 Qc7 11. Qd3 h6 12. Ba3 cxd4 13. Bxd6 Qxd6 14. Nxd4 Nxd4 15. cxd4 Rd8 16. Rfd1 Rb8 17. c4 b6 18. Qc2 Bb7 19. c5 Qc7 20. c6 Ba8 21. Rac1 Rd6 22. d5 exd5 23. Bxd5 Rbd8 24. Bf3 Rxd1+ 25. Rxd1 Rc8 26. Rd7 Qe5 27. Qc4 Qf6 28. Rxf7 b5 29. Qb3 Qxf7 30. Bd5 Rxc6 31. Bxf7+ Kf8 32. Bd5 1-0

[Event "Tashkent Agzamov Memorial 18th"]
[Site "Tashkent"]
[Date "2025.03.24"]
[Round "5"]
[White "Madaminov, Mukhiddin"]
[Black "Chinguun, Sumiya"]
[Result "0-1"]
[WhiteElo "2550"]
[BlackElo "2385"]
[PlyCount "110"]
[EventDate "2025.03.20"]
[EventType "swiss"]
[EventRounds "10"]
[EventCountry "UZB"]
[SourceTitle "CB14_2025"]
[SourceDate "2024.11.01"]
[SourceVersion "1"]
[SourceVersionDate "2024.11.01"]
[SourceQuality "1"]

1. e4 c5 2. Nf3 d6 3. d4 Nf6 4. Nc3 cxd4 5. Nxd4 a6 6. Bd3 e5 7. Nde2 Be7 8. 0-0 Be6 9. f4 exf4 10. Nxf4 Nc6 11. b3 Ne5 12. Bb2 0-0 13. Qe1 Nfd7 14. Ncd5 Bg5 15. Qb4 Bxf4 16. Nxf4 Qc7 17. Qd2 Rae8 18. h3 Nc5 19. Rad1 Qc6 20. Qe3 f6 21. Rfe1 Bf7 22. Qd4 b5 23. Bf1 Ne6 24. Nxe6 Rxe6 25. Rd2 Nd7 26. Ba3 Nc5 27. c4 Rxe4 28. Rxe4 Nxe4 29. cxb5 axb5 30. Rd1 Re8 31. Bd3 d5 32. Bb4 Ra8 33. a3 h5 34. Qe3 Re8 35. Rc1 Nc3 36. Qf4 d4 37. Kh2 Rd8 38. Ba5 Re8 39. Bb4 Rd8 40. Qf5 g6 41. Qf4 Kg7 42. Be7 Rd7 43. Bxb5 Qxb5 44. Bxf6+ Kh7 45. Be5 Qb6 46. Rc2 Qe6 47. Rf2 Qf5 48. Qg3 Ne4 49. Rxf5 Nxg3 50. Rxf7+ Rxf7 51. Kxg3 d3 52. Bc3 h4+ 53. Kxh4 Rf2 54. Kg3 Rc2 55. Bb4 d2 0-1

[Event "Titled Tuesday intern op 11th Mar Late"]
[Site "Chess.com INT"]
[Date "2025.03.11"]
[Round "2"]
[White "Stamatiou, Rodolfos"]
[Black "Madaminov, Mukhiddin"]
[Result "0-1"]
[WhiteElo "2274"]
[BlackElo "2550"]
[PlyCount "72"]
[EventDate "2025.03.11"]
[EventType "swiss (blitz)"]
[EventRounds "11"]
[EventCountry "USA"]
[SourceTitle "CB12_2025"]
[SourceDate "2025.03.19"]
[SourceVersion "1"]
[SourceVersionDate "2025.03.19"]
[SourceQuality "1"]

1. e4 e6 2. Qe2 c5 3. Nf3 Nc6 4. g3 g6 5. Bg2 Bg7 6. 0-0 Nge7 7. c3 0-0 8. Na3 d6 9. Nc2 e5 10. d4 cxd4 11. cxd4 Nxd4 12. Ncxd4 exd4 13. Qd3 Nc6 14. a3 a5 15. b3 Bg4 16. Bb2 Ne5 17. Qd1 Qb6 18. Kh1 Nxf3 19. Bxf3 Be6 20. Qd2 Qxb3 21. Bg2 Rfc8 22. Bxd4 Rc2 23. Qd1 Bc4 24. Re1 Bxd4 25. Qxd4 Qb2 26. Rad1 Qxa3 27. e5 dxe5 28. Rxe5 Qb2 29. Rxa5 Rxa5 30. Qd8+ Kg7 31. Qxa5 Rxf2 32. Rg1 Rxg2 33. Rxg2 Qb1+ 34. Rg1 Qe4+ 35. Rg2 Bd5 36. Qa1+ f6 0-1

[Event "Wch U20 62nd"]
[Site "Petrovac"]
[Date "2025.02.28"]
[Round "4"]
[White "Madaminov, Mukhiddin"]
[Black "Nissinen, Niilo Man"]
[Result "1-0"]
[WhiteElo "2521"]
[BlackElo "2106"]
[PlyCount "65"]
[EventDate "2025.02.25"]
[EventType "swiss"]
[EventRounds "11"]
[EventCountry "MNE"]
[SourceTitle "CB11_2025"]
[SourceDate "2025.03.12"]
[SourceVersion "1"]
[SourceVersionDate "2025.03.12"]
[SourceQuality "1"]

1. e4 c5 2. Nf3 Nc6 3. Bb5 e6 4. 0-0 Nge7 5. c3 a6 6. Ba4 b5 7. Bc2 Bb7 8. Qe2 d5 9. d4 cxd4 10. cxd4 dxe4 11. Bxe4 Nd5 12. a4 b4 13. Be3 Be7 14. Nbd2 f5 15. Bxd5 Qxd5 16. Nc4 Qe4 17. Nfd2 Qg4 18. f3 Qg6 19. Nb3 0-0 20. Bf4 Rad8 21. Rfd1 Kh8 22. Rac1 Rfe8 23. Qe3 Bf8 24. Bg5 Rd7 25. Nc5 Bxc5 26. dxc5 Rxd1+ 27. Rxd1 h6 28. Bh4 Qh5 29. Nd6 Rb8 30. Bg3 e5 31. Bxe5 Nxe5 32. Qxe5 Rd8 33. Nf7+ 1-0

[Event "Wch U20 62nd"]
[Site "Petrovac"]
[Date "2025.02.27"]
[Round "3"]
[White "Madaminov, Mukhiddin"]
[Black "Agasarov, Benik"]
[Result "0-1"]
[WhiteElo "2521"]
[BlackElo "2402"]
[PlyCount "62"]
[EventDate "2025.02.25"]
[EventType "swiss"]
[EventRounds "11"]
[EventCountry "MNE"]
[SourceTitle "CB11_2025"]
[SourceDate "2025.03.12"]
[SourceVersion "1"]
[SourceVersionDate "2025.03.12"]
[SourceQuality "1"]

1. e4 e6 2. d4 d5 3. Nc3 Nf6 4. Bg5 dxe4 5. Nxe4 Be7 6. Bxf6 gxf6 7. Nf3 f5 8. Nc3 a6 9. Qe2 b5 10. 0-0-0 b4 11. Na4 Qd5 12. c4 Qa5 13. b3 Bd7 14. Nc5 Bxc5 15. dxc5 Nc6 16. Ng5 h6 17. Nxf7 Rh7 18. Ne5 Nxe5 19. Qxe5 Qxa2 20. Be2 Qxb3 21. Rd3 Qxc4+ 22. Kb2 Qe4 23. Bh5+ Ke7 24. Rxd7+ Kxd7 25. Rd1+ Kc8 26. Qf6 Qxg2 27. Bg6 Qxf2+ 28. Kb1 b3 29. Qxe6+ Kb7 30. Qxb3+ Ka7 31. Ka1 Rb8 0-1

[Event "Wch U20 62nd"]
[Site "Petrovac"]
[Date "2025.02.26"]
[Round "2"]
[White "Dyachuk, Artem"]
[Black "Madaminov, Mukhiddin"]
[Result "0-1"]
[WhiteElo "2293"]
[BlackElo "2521"]
[PlyCount "86"]
[EventDate "2025.02.25"]
[EventType "swiss"]
[EventRounds "11"]
[EventCountry "MNE"]
[SourceTitle "CB11_2025"]
[SourceDate "2025.03.12"]
[SourceVersion "1"]
[SourceVersionDate "2025.03.12"]
[SourceQuality "1"]

1. d4 Nf6 2. c4 e6 3. Nf3 d5 4. Nc3 Bb4 5. Qa4+ Nc6 6. a3 Bxc3+ 7. bxc3 Ne4 8. e3 Nxc3 9. Qc2 Ne4 10. Bd3 f5 11. 0-0 0-0 12. Rb1 Rf6 13. a4 Rh6 14. Re1 g5 15. Nd2 Qd6 16. Nf1 Nb4 17. Qb3 Nxd3 18. Qxd3 g4 19. cxd5 exd5 20. Ba3 Qd7 21. a5 b6 22. Rec1 Bb7 23. Rc2 Rc8 24. f3 gxf3 25. gxf3 Rg6+ 26. Rg2 Qg7 27. Rbb2 Ng5 28. Qxf5 Qf7 29. Qxf7+ Kxf7 30. Kf2 Ba6 31. h4 Nh3+ 32. Ke1 Rcg8 33. Rxg6 Rxg6 34. axb6 axb6 35. Nh2 h5 36. Rc2 Bc4 37. Rb2 Ke8 38. e4 Rg1+ 39. Kd2 Rh1 40. Ke3 Rd1 41. exd5 Rd3+ 42. Ke4 Rxa3 43. f4 Ke7 0-1

[Event "Wch U20 62nd"]
[Site "Petrovac"]
[Date "2025.02.25"]
[Round "1"]
[White "Madaminov, Mukhiddin"]
[Black "Nagarkatte, Vedant"]
[Result "1/2-1/2"]
[WhiteElo "2521"]
[BlackElo "2277"]
[PlyCount "109"]
[EventDate "2025.02.25"]
[EventType "swiss"]
[EventRounds "11"]
[EventCountry "MNE"]
[SourceTitle "CB11_2025"]
[SourceDate "2025.03.12"]
[SourceVersion "1"]
[SourceVersionDate "2025.03.12"]
[SourceQuality "1"]

1. e4 e5 2. Nf3 Nc6 3. Bc4 Nf6 4. d3 Bc5 5. c3 d6 6. b4 Bb6 7. a4 a5 8. b5 Ne7 9. 0-0 0-0 10. Nbd2 Ng6 11. d4 Bg4 12. Qc2 Qd7 13. Re1 Rae8 14. Bb2 d5 15. exd5 Bf5 16. Bd3 Bxd3 17. Qxd3 exd4 18. cxd4 Qxd5 19. g3 Bc5 20. Nc4 Bb4 21. Red1 c6 22. bxc6 bxc6 23. Rac1 Nd7 24. Kg2 Re6 25. Ne3 Qh5 26. d5 cxd5 27. Nxd5 Nde5 28. Nxe5 Nxe5 29. Qb3 Ng6 30. Nxb4 axb4 31. Qxb4 Re2 32. Ba1 Qf5 33. Qd4 Ne5 34. Rf1 Qf3+ 35. Kg1 Qa8 36. Rc3 f6 37. Qd1 Nf3+ 38. Rxf3 Qxf3 39. a5 h5 40. h4 Rfe8 41. a6 Qc6 42. a7 R2e7 43. Bd4 Rd7 44. Qb3+ Qd5 45. Qa4 Qxd4 46. a8Q Rxa8 47. Qxa8+ Rd8 48. Qf3 Qd5 49. Qe2 Kh7 50. Re1 Qf5 51. Rc1 Rd3 52. Kh2 Qf3 53. Qe1 f5 54. Rc7 f4 55. Rxg7+ 1/2-1/2

[Event "Chessable Masters Play In"]
[Site "Chess.com INT"]
[Date "2025.02.17"]
[Round "7"]
[White "Madaminov, Mukhiddin"]
[Black "Batsuren, Dambasuren"]
[Result "1-0"]
[WhiteElo "2521"]
[BlackElo "2537"]
[PlyCount "29"]
[EventDate "2025.02.17"]
[EventType "swiss (blitz)"]
[EventRounds "9"]
[EventCountry "USA"]
[SourceTitle "CB08_2025"]
[SourceDate "2025.02.19"]
[SourceVersion "1"]
[SourceVersionDate "2025.02.19"]
[SourceQuality "1"]

1. e4 c6 2. Nf3 d5 3. Nc3 g6 4. d4 dxe4 5. Nxe4 Bg7 6. h3 Nf6 7. Nxf6+ exf6 8. Bd3 0-0 9. 0-0 Be6 10. Re1 Nd7 11. Bf4 Nb6 12. c3 Re8 13. a4 a5 14. Bg3 Nc4 15. Rxe6 1-0